Už aj naše sklo konkuruje Výrobcovia exportujú pod vlastnými značkami

Vývoj sklárskeho priemyslu na Slovensku a súčasná situácia. Umiestnenie slovenských výrobcov pod značkou Bohemia alebo pod vlastnou značkou. Značková politika LR Crystal a Xandra Bohemia. Podiel exportu. Štruktúra sklárskeho priemyslu. Konkurencieschopnosť slovenského sklárstva.

Salvato in:
Dettagli Bibliografici
Autore principale: Zábojníková, M.
Natura: Capitolo di libro
Lingua:slovacco
Soggetti:
Tags: Aggiungi Tag
Nessun Tag, puoi essere il primo ad aggiungerne!!

MARC

LEADER 00000naa a2200000 4500
001 r023644
005 20251104123839.3
041 0 |a slo 
044 |a SK 
245 1 0 |a Už aj naše sklo konkuruje  |b Výrobcovia exportujú pod vlastnými značkami  |c M. Zábojníková 
520 |a Vývoj sklárskeho priemyslu na Slovensku a súčasná situácia. Umiestnenie slovenských výrobcov pod značkou Bohemia alebo pod vlastnou značkou. Značková politika LR Crystal a Xandra Bohemia. Podiel exportu. Štruktúra sklárskeho priemyslu. Konkurencieschopnosť slovenského sklárstva. 
610 2 0 |a priemysel sklársky 
610 2 0 |a Slovensko 
610 2 0 |a vývoz 
610 2 0 |a konkurencieschopnosť 
610 2 0 |a sklo 
100 1 |a Zábojníková, M.